The golden age of Danish art : (Record no. 27178)

000 -LEADER
fixed length control field 01481cam a2200337 a 4500
001 - CONTROL NUMBER
control field 4923404
003 - CONTROL NUMBER IDENTIFIER
control field OSt
005 - DATE AND TIME OF LATEST TRANSACTION
control field 20170207150640.0
008 - FIXED-LENGTH DATA ELEMENTS--GENERAL INFORMATION
fixed length control field 950103s1995 vaua bc 001 0 eng
010 ## - LIBRARY OF CONGRESS CONTROL NUMBER
LC control number 95003052
020 ## - INTERNATIONAL STANDARD BOOK NUMBER
International Standard Book Number 0883971151
040 ## - CATALOGING SOURCE
Original cataloging agency DLC
Transcribing agency DLC
Modifying agency DLC
043 ## - GEOGRAPHIC AREA CODE
Geographic area code e-dk---
050 00 - LIBRARY OF CONGRESS CALL NUMBER
Classification number NC273
Item number .N67 1995
082 00 - DEWEY DECIMAL CLASSIFICATION NUMBER
Classification number 741.9/489/0903407473
Edition number 20
100 2# - MAIN ENTRY--PERSONAL NAME
Personal name Nørregård-Nielsen, Hans Edvard.
245 14 - TITLE STATEMENT
Title The golden age of Danish art :
Remainder of title drawings from the Royal Museum of Fine Arts, Copenhagen /
Statement of responsibility, etc. Hans Edvard Nørregård-Nielsen.
260 ## - PUBLICATION, DISTRIBUTION, ETC. (IMPRINT)
Place of publication, distribution, etc. Alexandria, VA :
Name of publisher, distributor, etc. Art Services International,
Date of publication, distribution, etc. 1995.
300 ## - PHYSICAL DESCRIPTION
Extent 255 p. :
Other physical details col. ill. ;
Dimensions 33 cm.
500 ## - GENERAL NOTE
General note Published as a companion to the exhibition of the same name, which is organized and circulated by Art Services International.
504 ## - BIBLIOGRAPHY, ETC. NOTE
Bibliography, etc Includes bibliographical references (p. 252-253) and index.
610 20 - SUBJECT ADDED ENTRY--CORPORATE NAME
Corporate name or jurisdiction name as entry element Statens museum for kunst (Denmark)
Form subdivision Catalogs.
650 #0 - SUBJECT ADDED ENTRY--TOPICAL TERM
Topical term or geographic name as entry element Drawing, Danish
Chronological subdivision 19th century
Form subdivision Catalogs.
650 #0 - SUBJECT ADDED ENTRY--TOPICAL TERM
Topical term or geographic name as entry element Drawing
Geographic subdivision Denmark
-- Copenhagen
Form subdivision Catalogs.
651 #0 - SUBJECT ADDED ENTRY--GEOGRAPHIC NAME
Geographic name Denmark
General subdivision In art
Form subdivision Catalogs.
710 2# - ADDED ENTRY--CORPORATE NAME
Corporate name or jurisdiction name as entry element Art Services International.
906 ## - LOCAL DATA ELEMENT F, LDF (RLIN)
a 7
b cbc
c orignew
d 1
e ocip
f 19
g y-gencatlg
942 ## - ADDED ENTRY ELEMENTS (KOHA)
Source of classification or shelving scheme
Koha item type Hard Covered Materials
Classification part NC 273 .N67 1995
Holdings
Withdrawn status Lost status Source of classification or shelving scheme Damaged status Not for loan Home library Current library Shelving location Date acquired Source of acquisition Total Checkouts Full call number Barcode Date last seen Price effective from Koha item type
          MACHAKOS UNIVERSITY LIBRARY MACHAKOS UNIVERSITY LIBRARY Technical section 07/02/2017 Donation (BFA)   NC 273 .N67 1995 34948 06/07/2018 07/02/2017 Hard Covered Materials
© Machakos University Library, Along The Highway, Machakos Wote Rd, Machakos, Kenya P.O. Box 136 - 90100 Machakos - Kenya

Tel: ( +254 ) 723 805829 OR Fax : 044-20353 OR Email: library@mksu.ac.ke